A szoftverfejlesztési folyamatok eltérő módszertani megközelítéseinek elméleti vizsgálata és gyakorlati implementációja a KPMG példáján keresztül

Bibliográfiai részletek
Szerző: Földházi Gyöngyi
További közreműködők: Avornicului Dr. Mihály
Madarász András
Dokumentumtípus: Diplomadolgozat
Kulcsszavak:KPMG
SDLC
Szoftverfejlesztés
Online Access:http://dolgozattar.uni-bge.hu/19669

MARC

LEADER 00000nta a2200000 i 4500
001 dolg19669
005 20231213060015.0
008 181217suuuu hu om 000 hun d
040 |a BGE Dolgozattár Repozitórium  |b hun 
041 |a hu 
100 1 |a Földházi Gyöngyi 
245 1 2 |a A szoftverfejlesztési folyamatok eltérő módszertani megközelítéseinek elméleti vizsgálata és gyakorlati implementációja a KPMG példáján keresztül  |c Földházi Gyöngyi  |h [elektronikus dokumentum] 
695 |a KPMG 
695 |a SDLC 
695 |a Szoftverfejlesztés 
700 1 |a Avornicului Dr. Mihály  |e ths 
700 1 |a Madarász András  |e ths 
856 4 0 |u http://dolgozattar.uni-bge.hu/19669/1/szakdolgozat.pdf  |z Dokumentum-elérés 
856 4 0 |u http://dolgozattar.uni-bge.hu/19669/2/titk.jpg  |z Dokumentum-elérés